The architecture of David Lunch

Պահպանված է:
Մատենագիտական մանրամասներ
Հիմնական հեղինակ: MARTIN, Richard
Ձևաչափ: Գիրք
Լեզու:անգլերեն
Հրապարակվել է: Bloomsbury 2014
Ցուցիչներ: Ավելացրեք ցուցիչ
Չկան պիտակներ, Եղեք առաջինը, ով նշում է այս գրառումը!

MARC

LEADER 00000nam a22000007a 4500
008 240124b |||||||| |||| 00| 0 eng d
020 |a 9781472505484 
100 |a MARTIN, Richard 
245 |a The architecture of David Lunch  |c /Richard Martin  |g x,250p;ill 
260 |b Bloomsbury  |c 2014  |h London  |i 699661  |i 699662  |l PN1998.3.L96M33  |m Lynch David, 1948-Criticism and interpretation  |m Architecture in motion pictures  |m Motion in pictures and architecture 
500 |a it includes index 
942 |a lcc  |c BK  |e Johnson  |f 24/01/24 
952 |0 0  |1 0  |2 lcc  |4 0  |6 PN19983 L96 M33  |7 0  |9 4801  |a ART  |b HOL  |c LP  |d 2024-01-24  |l 0  |o PN1998.3.L96M33  |p 2024-0054  |r 2024-01-24 00:00:00  |t 699661  |w 2024-01-24  |y BK 
952 |0 0  |1 0  |2 lcc  |4 0  |6 PN19983 L96 M33  |7 0  |9 4802  |a HOL  |b HOL  |c LP  |d 2024-01-24  |l 0  |o PN1998.3.L96M33  |p 2024-0055  |r 2024-01-24 00:00:00  |t 699662  |w 2024-01-24  |y BK 
999 |c 2400  |d 2400